Countries with Singaporean embassies - Statistics

General Stats
  • This quiz has been taken 121 times
  • The average score is 21 of 29
Answer Stats
Continent Country % Correct
Oceania Australia
99%
Asia China
96%
Asia Indonesia
93%
Asia India
92%
North America United States of America
92%
Asia Malaysia
91%
Asia Japan
89%
Europe United Kingdom
89%
Europe France
87%
Europe Germany
87%
Asia/ Europe Russia
84%
Asia Vietnam
82%
Oceania New Zealand
81%
Asia/ Europe Turkey
81%
Asia South Korea
78%
Asia Laos
72%
Asia Cambodia
69%
Asia the Philippines
68%
South America Brazil
67%
Europe Belgium
64%
Asia Brunei
63%
Asia United Arab Emirates
60%
Africa South Africa
58%
Asia Myanmar
55%
Asia Saudi Arabia
55%
Asia Bangladesh
53%
Africa Egypt
52%
Asia Qatar
43%
Asia Oman
28%
No matching quizzes found
Score Distribution
Percent of People with Each Score
Percentile by Number Answered
Your Score History
You have not taken this quiz